Statistics for Odd One Out - Landmarks

Click here to take the quiz!

General Stats

  • This quiz has been taken 29 times
  • The average score is 7 of 10

Answer Stats

QuestionAnswer% Correct
Which one is the odd one out?
91%
Which one is the odd one out?
87%
Which one is the odd one out?
78%
Which one is the odd one out?
78%
Which one is the odd one out?
78%
Which one is the odd one out?
74%
Which one is the odd one out?
70%
Which one is the odd one out?
61%
Which one is the odd one out?
52%
Which one is the odd one out?
43%

Score Distribution

Percentile by Number Answered

Percent of People with Each Score

Your Score History

You have not taken this quiz